00426nam a2200133Ia 4500008004100000041000800041082001800049100003700067245012300104250000600227260003800233300001200271650000900283210716s1989 xx 000 0 und d aeng a005.3631 BLOE aBloom, Eric P; Soybel, Jeremy G. aTurbo pascal trilogy: a complete library for turbo pascal programmers.bComplete library for turbo pascal programmers. a1 aNew DelhibBPB Publicationsc1989 axiv,639 aNone